Menový program NBS na rok 1995

Vnútorná a vonkajšia stabilita meny. Vývoj inflácie. Výmenný kurz. Ciele menového programu. Predpoklady menového vývoja. Vývoj nástrojových menových veličín.

Na minha lista:
Detalhes bibliográficos
Formato: Capítulo de Livro
Idioma:eslovaco
Assuntos:
Tags: Adicionar Tag
Sem tags, seja o primeiro a adicionar uma tag!

MARC

LEADER 00000naa a2200000 4500
001 r024673
005 20221213095401.4
041 0 |a slo 
044 |a SK 
245 1 0 |a Menový program NBS na rok 1995 
520 |a Vnútorná a vonkajšia stabilita meny. Vývoj inflácie. Výmenný kurz. Ciele menového programu. Predpoklady menového vývoja. Vývoj nástrojových menových veličín. 
610 2 0 |a program menový 
610 2 0 |a banky emisné 
610 2 0 |a NBS Bratislava 
610 2 0 |a 1995 
610 2 0 |a Slovensko 
610 2 0 |a stabilita meny 
610 2 0 |a kurz výmenný 
610 2 0 |a inflácia